Estadísticas para Países con las Economías Más Grandes

Haz click aquí para tomar la prueba!

Estadísticas generales

  • Esta prueba ha sido tomada 12.204 veces
    (7.873 desde el último reinicio)
  • La puntuación promedio es 18 de 22

Estadísticas de respuestas

PNBPaís% Correcto
19,4 TEstados Unidos
100%
23,2 TChina
99%
4,13 TAlemania
97%
3,94 TRusia
97%
2,83 TFrancia
96%
1,77 TEspaña
95%
5,42 TJapón
95%
3,22 TBrasil
93%
2,91 TReino Unido
93%
1,75 TCanadá
92%
2,30 TItalia
92%
2,41 TMéxico
92%
9,49 TIndia
91%
1,25 TAustralia
89%
2,03 TCorea del Sur
81%
1,80 TArabia Saudita
74%
3,28 TIndonesia
69%
2,08 TTurquía
63%
1,20 TEgipto
62%
1,54 TIrán
57%
1,23 TTailandia
50%
1,18 TTaiwán
41%

Distribución de puntuación

Porcentaje por número respondido

Porcentaje de gente con cada puntuación

Historial de tus puntuaciones

No has tomado esta prueba desde el último reinicio